Preceptos historiales

Salvato in:
Dettagli Bibliografici
Autore principale: Fuentes y Guzmán, Francisco Antonio de (Autore)
Natura: Libro
Lingua:spagnolo
Pubblicazione: Ciudad de Guatemala Ministerio de Educación Pública 1957
Soggetti:
Tags: Aggiungi Tag
Nessun Tag, puoi essere il primo ad aggiungerne!!

MARC

LEADER 00000nam a2200000 a 4500
001 UCP8611
003 CL-VaPUC
008 000303e19570000gt |||||||||||||||||spa|d
082 0 4 |a 907.2  |b FUE  |2 21 
100 0 |a Fuentes y Guzmán, Francisco Antonio de  |e author  |9 438684 
245 1 0 |a Preceptos historiales 
300 |a 159 p 
942 |c BK 
945 |d 20000303 00:00:00  |a rherrera 
260 |a Ciudad de Guatemala  |b Ministerio de Educación Pública  |c 1957 
650 0 |a Historiografía   |9 257871 
650 0 |a Metodología   |9 256610 
650 0 |a Arte de escribir  |9 316418 
583 |a last modification  |c 20171123 01:38:31  |k Rodrigo Vera 
999 |c 285503  |d 285501 
952 |0 0  |1 0  |4 0  |6 907_200000000000000_FUE_1957  |7 0  |8 A  |9 330158  |a BIBHIS  |b BIBHIS  |d 2019-11-20  |i 1393316  |o 907.2 FUE 1957  |p 1393316  |r 2025-01-20  |w 2019-11-20  |y BK  |k HIS